000 00880cab a2200205 4500
001 WB2643-40
008 090401t1990 xxu||||| |||| 00| 0 eng d
035 _a(Sirsi) u9391
041 _aeng
245 _aRestrictive covenant injunction
260 _c1990
350 _a0
490 _aEGCS
_v1990 123
520 _aHoldom v Kidd and others CA October 1990 concerned an appeal by the defendants against an interlocutory injunction being granted to restrain the defendants to stop using land for residential purposes which was covered by a restrictive covenant restricting its use for agricultural purposes only as defined in Town and Country Planning Act 1990 s262 . Appeal dismissed.
650 _aLAW OF PROPERTY ACT 1924 S84
650 _aTOWN AND COUNTRY PLANNING ACT 1971 S290 1
690 _aPLANNING LAW AND PRACTICE-CASE LAW
942 _n0
948 _c04/03/1997
999 _c5858
_d5858